00650nam a2200205 a 450000100060000000300080000600500170001400800410003103500190007204000270009104100080011808200260012610000190015224500570017126000670022830000250029550400500032065100370037065100370040728705BD-RjUL20211209051323.0161114s1967 enkabf b 000 0 eng d a(BD-RjUL)28787 aDLCcDLCdBD-RjULbeng aeng 223a941.05 LOT b196710aLockyer, Roger10aTudor and Stuart Britain, 1471-1714 /cRoger Lockyer aLondon :bLongman Green and Co. Ltd.,cc1964 [Impression 1967] axvi, 483 p. ;c23 cm aIncludes Bibliographical References and Index aGreat BritainxHistory xTudors  aGreat BritainxHistory xStuarts